Loading...
| Literature - American | 4 | 3 | 0 | 0 | 90 | 47 | 77.00 | 4 | 6 | 30.36 | 55.68 |
| Literature - World | 2 | 2 | 0 | 1 | 50 | 40 | 84.75 | 3 | 3 | 15.59 | 28.41 |
| Literature - European | 2 | 2 | 0 | 1 | 50 | 27 | 89.00 | 1 | 4 | 13.56 | 26.14 |
| Fine Arts - Auditory | 0 | 4 | 1 | 0 | 35 | 73 | 90.25 | 0 | 2 | 11.03 | 21.59 |
| Fine Arts - Other | 1 | 2 | 1 | 1 | 30 | 88 | 119.67 | 0 | 2 | 4.51 | 18.18 |
| Fine Arts - Visual | 0 | 2 | 0 | 0 | 20 | 102 | 113.50 | 1 | 2 | 3.72 | 14.77 |
| Pop Culture | 0 | 2 | 0 | 0 | 20 | 95 | 102.50 | 0 | 1 | 11.69 | 17.50 |
| Religion | 0 | 2 | 0 | 1 | 20 | 80 | 99.50 | 0 | 1 | 4.11 | 10.00 |
| Social Science | 0 | 1 | 0 | 0 | 10 | 128 | 128.00 | 0 | 0 | 0.08 | 1.25 |
| Literature - British | 0 | 2 | 2 | 2 | 10 | 77 | 107.00 | 1 | 2 | 4.26 | 11.36 |
| Philosophy | 0 | 1 | 0 | 0 | 10 | 125 | 125.00 | 0 | 1 | 1.36 | 2.27 |
| History - European | 0 | 1 | 0 | 0 | 10 | 77 | 77.00 | 1 | 1 | 4.16 | 7.95 |